000 00664nam a2200217Ia 4500
005 20250508162328.0
008 008 250505s9999 xx 000 0 eng d
020 _a0-89859-072-8
037 _aTextual
040 _aFEDL
_beng
_cFEDL
041 _aeng
_2eng
084 _a155.413, PIA
_qFEDL
100 _aSigel Irving E.
245 0 _aNew directions in piagetian theory and practice
260 _aHillsdale
_bLawrence Erlbaum Associates, Publishers
_c1981
300 _axv,377p.
650 _aChild Psychology
700 _a Brodzinsky David M. Golinkoff Roberta M.
_9772876
942 _cTEXL
_h155.413, PIA
999 _c1375870
_d1375870